Afrika Länder - Statistiken

Allgemein
  • Dieses Quiz wurde 81 mal gespielt
  • Das Durchschnittsergebnis liegt bei 41 aus 54
Antwortstatistiken
Hint Antwort % Korrekt
ä ägypten
93%
A Angola
90%
A Algerien
89%
ä Äthiopien
89%
D Demokratische Republik Kongo
89%
K Kenia
87%
R Republik Kongo
87%
M Marokko
84%
N Niger
83%
S Sudan
83%
S Südsudan
83%
T Tunesien
83%
G Ghana
81%
M Mauretanien
81%
E Eritrea
80%
L Lesotho
80%
L Libyen
80%
M Mali
80%
T Togo
80%
E Elfenbeinküste
79%
N Nigeria
79%
U Uganda
79%
Z Zentralafrikanische Republik
79%
ä Äquatorialguinea
77%
N Namibia
77%
S Senegal
77%
T Tansania
77%
B Botswana
76%
M Madagaskar
76%
R Ruanda
76%
S Südafrika
76%
B Benin
74%
B Burundi
74%
K Kamerun
74%
D Dschibuti
73%
G Guinea
73%
T Tschad
73%
B Burkina Faso
71%
G Gambia
71%
S Sambia
71%
S Seychellen
71%
S Somalia
71%
G Gabun
70%
K Kap Verde
69%
G Guinea-Bissau
67%
M Mauritius
66%
L Liberia
64%
M Malawi
63%
M Mosambik
63%
S Simbabwe
60%
S Simbabwe
60%
K Komoren
59%
S Sierra Leone
50%
S São Tomé und Príncipe
49%
Keine übereinstimmenden Quizze gefunden
Verteilung der Resultate
Anzahl Personen mit jedem Resultat
Perzentil nach korrekt beantworteten Fragen
Ihre Resultats-Entwicklung
Sie haben dieses Quiz noch nicht gespielt